[Event "Buenos Aires U2200 op"]
[Site "Buenos Aires"]
[Date "2018.08.05"]
[Round "4.9"]
[White "Pirro, Jorge Alejandro"]
[Black "Amitrano, Diego"]
[Result "1-0"]
[WhiteElo "1604"]
[BlackElo "1475"]
[PlyCount "55"]
[EventDate "2018.08.03"]
[EventType "swiss"]
[EventRounds "6"]
[EventCountry "ARG"]
[SourceTitle "EXT 2024"]
[Source "ChessBase"]
[SourceDate "2023.10.10"]
[SourceVersion "1"]
[SourceVersionDate "2023.10.10"]
[SourceQuality "1"]

1. d4 Nf6 2. c4 e6 3. Nc3 d5 4. Bg5 Be7 5. e3 Nbd7 6. Nf3 0-0 7. Rc1 c6 8. Bd3 dxc4 9. Bxc4 Nd5 10. Bxe7 Qxe7 11. 0-0 N7f6 12. Ne5 Rd8 13. Qe2 Nd7 14. f4 Nxe5 15. fxe5 Qg5 16. Nxd5 cxd5 17. Bd3 Bd7 18. Qf3 Qe7 19. Rc2 Rac8 20. Rcf2 Rf8 21. Qh5 h6 22. Rf3 Qg5 23. Qh3 f5 24. exf6 Rxf6 25. Rxf6 gxf6 26. Rf3 e5 27. Qxd7 Rc1+ 28. Bf1 1-0